| 000 | 00530nam a2200181 4500 | ||
|---|---|---|---|
| 001 | VA24914 | ||
| 003 | ES-SlBCS | ||
| 005 | 20210601154337.0 | ||
| 008 | 140520s1973 xxu||||| |||| 00| 0 spa d | ||
| 041 | _aspa | ||
| 100 | 1 |
_aOrdóñez Ancín, Jesús _929008 |
|
| 245 | 1 | 0 |
_aIntenta vencer la tartamudez _b:Método de convergencia ortofónica _cJesús Ordóñez Ancín |
| 250 | _a3ª ed. | ||
| 260 |
_aMadrid : _bStudium _c, 1973 |
||
| 300 |
_a190 p.; _c18 cm |
||
| 650 |
_aTartamudez-Método de Corrección _9368919 |
||
| 942 | _cBK | ||
| 999 |
_c803433 _d803433 |
||